000 00648nam a2200241Ia 4500
003 OSt
005 20221006165935.0
006 a|||||r|||| 00| 0
007 ta
008 221006b |||||||| |||| 00| 0 eng d
024 _a1,157
037 _cTextual
040 _aFML
_cFML
_beng
041 _2eng
_aeng
082 _aO15,2D50,1, 111K2
100 _aKalidasa Au.
245 0 _aAbhigyan Shakuntalam
260 _aBerkeley
_bCalifornia University
_c1962
300 _a115
_ccm.
700 _a Emenean M B
_9680797
942 _hO15,2D50,1, 111K2
_cTEXL
_2CC
999 _c1122518
_d1122518